Nákladovosť determinuje ceny ekonomika Slovenskej republiky v zrkadle uplynulých rokov

Tvorba a štruktúra HDP v roku 1997. Podiel jednotlivých krajov SR na HDP. Rast hrubého obratu a pridanej hodnoty v roku 1997. Hospodárske výsledky finančných a nefinančných organizácií. Miera nezamestnanosti za rok 1997. Vzťah pridanej hodnoty a medzispotreby a jeho nepriamy dopad na rentabilitu.

Salvato in:
Dettagli Bibliografici
Autore principale: Krnáč, Pavol
Altri autori: Mičulík, Milan
Natura: Libro
Lingua:slovacco
Soggetti:
Tags: Aggiungi Tag
Nessun Tag, puoi essere il primo ad aggiungerne!!

MARC

LEADER 00000nam a2200000 4500
001 r031346
005 20230824094956.9
041 0 |a slo 
044 |a SK 
245 1 0 |a Nákladovosť determinuje ceny  |b ekonomika Slovenskej republiky v zrkadle uplynulých rokov  |c Pavol Krnáč, Milan Mičulík 
520 |a Tvorba a štruktúra HDP v roku 1997. Podiel jednotlivých krajov SR na HDP. Rast hrubého obratu a pridanej hodnoty v roku 1997. Hospodárske výsledky finančných a nefinančných organizácií. Miera nezamestnanosti za rok 1997. Vzťah pridanej hodnoty a medzispotreby a jeho nepriamy dopad na rentabilitu. 
610 2 0 |a výsledok hospodársky 
610 2 0 |a Slovensko 
610 2 0 |a produkt domáci hrubý 
610 2 0 |a miera nezamestnanosti 
610 2 0 |a investície 
610 2 0 |a rentabilita 
610 2 0 |a ceny 
610 2 0 |a indexy hodnotové 
610 2 0 |a ukazovatele ekonomické 
610 2 0 |a 1997 
100 1 |a Krnáč, Pavol 
700 1 |a Mičulík, Milan